000 02056nam a2200289 a 4500
003 MX-MxUPN
005 20230607100502.0
007 cr |||aaa|||||
008 230323s2019 mx ||||fob||| 000 0 spa d
020 _a9786073022095 (electrónico)
040 _aMX-MxUPN
_bspa
_cMX-MxUPN
041 0 _aspa
050 1 4 _aLB1028
245 0 0 _aAlas de libertad en la investigación educativa multidisciplinaria
_h[recurso electrónico en línea]
250 _aPrimera edición digital.
260 _aMéxico :
_bUniversidad Nacional Autónoma de México, Facultad de Estudios Superiores Acatlán,
_c2019.
300 _a1 recurso en línea :
_bPDF
506 0 _aAcceso abierto.
504 _aIncluye referencias bibliográficas.
505 0 0 _tJ.G. Fitch y Maurice de Fleury, autores olvidados de la pedagogía porfirista /
_rEnrique García y Moisés --
_tIntelectuales académicos en México. Dos sentidos de interpretación /
_rGraciela Carrazco López --
_tLas políticas de equidad en la Educación Media Superior en México (1994-2012) /
_rJavier Rafael García García --
_tLa revolución de la pedagogía, enseñar y aprender en el contexto de las Tecnologías de la Información y la Comunicación (TIC) /
_rCarlos Ramírez Sámano --
_tPresupuesto de la educación ciudadana: rehabilitación de la virtud cívica /
_rJ. Alejandro Salcedo Aquino --
_tEducación y pedagogía desde el pensamiento de Paulo Freire /
_rIgnacio Pineda Pineda --
_tLa investigación grupal comprometida en el arranque del milenio. Nadando hacia la libertad, el conocimiento y la sabiduría, con riesgos de tiburones, aguas contaminadas y redes /
_rJaime Peña Ramírez --
_tEl papel de la didáctica reflexiva en la formación de docentes universitarios /
_rLeticia García Solano.
650 4 _aEducación
_xInvestigación
_zMéxico
_99022
650 4 _aPedagogía crítica
_zMéxico
_948536
700 1 _aPeña Ramírez, Jaime,
_d1948-
_948532
_ecoordinación
856 4 0 _uhttp://www.librosoa.unam.mx/handle/123456789/2839
902 _aVíctor Ruiz/230323
942 _2lcc
_cLIBRO-E
999 _c209423
_d209423